London Landmarks Slideshow Quiz Stats

 Plays Quiz Updated Jun 13, 2016

Also try: London Underground
Challenge
Share
Tweet
Score 0/20 Timer 10:00
0 Plays Today
% Correct
London Eye
93%
Buckingham Palace
87.3%
Tower Bridge
84.8%
Palace of Westminster
84.3%
Westminster Abbey
76.7%
Tower of London
76.1%
Abbey Road
76%
Shakespeare's Globe
73.2%
St Paul's Cathedral
69.5%
Wembley Stadium
66.5%
% Correct
Trafalgar Square
64.7%
Piccadilly Circus
62.4%
The Shard
61.7%
Hyde Park
61.1%
Royal Albert Hall
57.4%
30 St Mary Axe
56.4%
Tate Modern
49.3%
British Museum
46.2%
HMS Belfast
37.5%
St Pancras
31.1%

You're not logged in!

Compare scores with friends on all Sporcle quizzes.
Join for Free
OR
Log In

You Might Also Like...

Show Comments

Extras

Top Quizzes Today


Score Distribution

Your Account Isn't Verified!

In order to create a playlist on Sporcle, you need to verify the email address you used during registration. Go to your Sporcle Settings to finish the process.

Report this User

Report this user for behavior that violates our Community Guidelines.

Details: